[Event "4NCL Online Division 5"]
[Site "online"]
[Date "2020.10.06"]
[Round "4.42"]
[White "Priestley, Stephen"]
[Black "Chin, Francis Choy Wan"]
[Result "0-1"]
[WhiteElo "1637"]
[BlackElo "2087"]
[PlyCount "74"]
[EventDate "2020.10.06"]
[WhiteTeam "Shropshire 4"]
[BlackTeam "Hackney Thirsty"]

1. d4 f5 2. Nf3 Nf6 3. Bg5 e6 4. e3 b6 5. Bd3 Be7 6. Bxf6 Bxf6 7. Nbd2 Bb7 8.
O-O Nc6 9. c3 O-O 10. e4 fxe4 11. Nxe4 Ne7 12. Ne5 Bxe5 13. dxe5 Ng6 14. Qh5
Rf5 15. Nf6+ Qxf6 16. Qxf5 Qxf5 17. Bxf5 exf5 18. f4 Kf7 19. Rad1 Ke6 20. c4
Be4 21. g3 Rd8 22. Rd4 Ne7 23. Rfd1 Nc6 24. R4d2 h5 25. a3 a5 26. b3 Nb8 27. b4
Nc6 28. b5 Ne7 29. Kf2 d6 30. Ke3 d5 31. Rd4 Rc8 32. c5 bxc5 33. R4d2 Rb8 34.
a4 d4+ 35. Ke2 Nd5 36. Rc1 Nc3+ 37. Kf2 Bd5 0-1

[Event "4NCL Online Division 5"]
[Site "online"]
[Date "2020.10.06"]
[Round "4.43"]
[White "Tennyson, John"]
[Black "Birch, James"]
[Result "0-1"]
[WhiteElo "2020"]
[BlackElo "1570"]
[PlyCount "106"]
[EventDate "2020.10.06"]
[WhiteTeam "Hackney Thirsty"]
[BlackTeam "Shropshire 4"]

1. c4 c5 2. Nc3 g6 3. g3 Bg7 4. Bg2 Nc6 5. e3 e5 6. Nge2 Nge7 7. O-O O-O 8. b3
d6 9. Bb2 Be6 10. Nd5 Qd7 11. Re1 Bh3 12. Bh1 f5 13. d4 Rae8 14. dxc5 Rd8 15.
cxd6 Qxd6 16. Qc1 Rd7 17. Nec3 e4 18. Nb5 Bxb2 19. Qxb2 Qe5 20. Nxe7+ Qxe7 21.
Red1 Bg4 22. Rxd7 Qxd7 23. Nd4 Qg7 24. Bg2 Rd8 25. h3 Nxd4 26. exd4 Rxd4 27.
Re1 Rd1 28. Qxg7+ Kxg7 29. Rxd1 Bxd1 30. Bf1 Kf6 31. c5 Ke5 32. Bc4 Bc2 33. b4
Bd3 34. Bg8 h6 35. a4 g5 36. b5 f4 37. c6 bxc6 38. bxc6 Kd6 39. h4 Kxc6 40.
hxg5 hxg5 41. Bh7 Kc5 42. f3 Kd4 43. gxf4 gxf4 44. fxe4 Bxe4 45. Bxe4 Kxe4 46.
Kf2 a5 47. Ke2 Kd4 48. Kf3 Kc4 49. Kxf4 Kb4 50. Ke3 Kxa4 51. Kd3 Kb3 52. Kd2
Kb2 53. Kd3 a4 0-1

[Event "4NCL Online Division 5"]
[Site "online"]
[Date "2020.10.06"]
[Round "4.44"]
[White "Holmes, Nick D"]
[Black "Robinson, Adam"]
[Result "0-1"]
[WhiteElo "1540"]
[BlackElo "1997"]
[PlyCount "52"]
[EventDate "2020.10.06"]
[WhiteTeam "Shropshire 4"]
[BlackTeam "Hackney Thirsty"]

1. c4 Nf6 2. Nc3 d6 3. d4 g6 4. e4 Bg7 5. Nf3 O-O 6. Be2 e5 7. dxe5 dxe5 8.
Qxd8 Rxd8 9. Nxe5 Nxe4 10. Nxe4 Bxe5 11. O-O Nc6 12. Bg5 Re8 13. Rab1 Bf5 14.
Bd3 Nb4 15. Rfd1 Nxd3 16. Nf6+ Bxf6 17. Bxf6 Re6 18. Bc3 Nf4 19. Ra1 Ne2+ 20.
Kf1 Nxc3 21. bxc3 Rc6 22. Rd4 Re8 23. h3 Be6 24. Re1 Bxc4+ 25. Rxc4 Rxe1+ 26.
Kxe1 Rxc4 0-1

[Event "4NCL Online Division 5"]
[Site "online"]
[Date "2020.10.06"]
[Round "4.51"]
[White "Gemmell, Adam"]
[Black "Stoica, Savas Marin"]
[Result "0-1"]
[WhiteElo "1382"]
[BlackElo "2042"]
[PlyCount "38"]
[EventDate "2020.10.06"]
[WhiteTeam "St Albans 4"]
[BlackTeam "Barnet Knights A"]

1. e4 c5 2. Nf3 Nc6 3. c3 Nf6 4. e5 Nd5 5. d4 cxd4 6. cxd4 g6 7. Bg5 Bg7 8. Qd2
h6 9. Bh4 O-O 10. Bc4 Nb6 11. Bb5 d6 12. Bxc6 bxc6 13. exd6 Qxd6 14. O-O Bg4
15. Re1 Bxf3 16. Bxe7 Qxd4 17. Bxf8 Qg4 18. g3 Qh3 19. Qd4 Qg2# 0-1

[Event "4NCL Online Division 5"]
[Site "online"]
[Date "2020.10.06"]
[Round "4.52"]
[White "Rasalingam, Haran"]
[Black "Maton, James J"]
[Result "1-0"]
[WhiteElo "2065"]
[BlackElo "1370"]
[PlyCount "53"]
[EventDate "2020.10.06"]
[WhiteTeam "Barnet Knights A"]
[BlackTeam "St Albans 4"]

1. e4 d6 2. d4 Nf6 3. Nc3 g6 4. f3 Bg7 5. Be3 c6 6. a4 Nbd7 7. a5 b6 8. axb6
Nxb6 9. Bd3 a5 10. Nge2 Ba6 11. Rxa5 Bxd3 12. Rxa8 Qxa8 13. Qxd3 Qa1+ 14. Bc1
O-O 15. O-O Qa7 16. Be3 Qb7 17. Ra1 Rb8 18. Qa6 Qxa6 19. Rxa6 Nc4 20. Bc1 Rb6
21. Ra8+ Bf8 22. Bh6 Nd7 23. b3 Nb2 24. Bxf8 Nxf8 25. Nc1 c5 26. dxc5 dxc5 27.
Ra2 1-0

[Event "4NCL Online Division 5"]
[Site "online"]
[Date "2020.10.06"]
[Round "4.53"]
[White "Azizollahoff, Noah"]
[Black "Covey, Jason"]
[Result "0-1"]
[WhiteElo "1075"]
[BlackElo "1990"]
[PlyCount "52"]
[EventDate "2020.10.06"]
[WhiteTeam "St Albans 4"]
[BlackTeam "Barnet Knights A"]

1. e4 e6 2. Nf3 d5 3. Bd3 dxe4 4. Bxe4 Nf6 5. Qe2 Nxe4 6. Qxe4 Nc6 7. O-O Bd6
8. d3 Qd7 9. Nc3 b6 10. Bf4 Bb7 11. Qe3 O-O 12. Bxd6 cxd6 13. Rfe1 e5 14. Ne4
f5 15. Nc3 Rf6 16. Nd5 Rg6 17. c4 Ne7 18. Nxe7+ Qxe7 19. Kh1 Qe6 20. Ng5 Qd7
21. f3 f4 22. Qf2 Rxg5 23. Qh4 Rg6 24. Rg1 Rf8 25. a3 Rh6 26. Qh3 Rxh3 0-1

[Event "4NCL Online Division 5"]
[Site "online"]
[Date "2020.10.06"]
[Round "4.54"]
[White "Kesterson, Kennan"]
[Black "Harris, Stuart"]
[Result "1-0"]
[WhiteElo "1982"]
[BlackElo "1150"]
[PlyCount "79"]
[EventDate "2020.10.06"]
[WhiteTeam "Barnet Knights A"]
[BlackTeam "St Albans 4"]

1. e4 e5 2. Nf3 Nc6 3. Bc4 Bc5 4. c3 Nf6 5. d3 d6 6. Nbd2 O-O 7. h3 Re8 8. Nf1
Be6 9. Bxe6 Rxe6 10. g4 h6 11. Ng3 Ne7 12. Nh4 d5 13. Qe2 d4 14. Ngf5 dxc3 15.
bxc3 Nxf5 16. Nxf5 Nh7 17. h4 b5 18. Be3 Bxe3 19. Qxe3 Rc6 20. Rc1 b4 21. c4
Ra6 22. Rc2 Rb8 23. Ke2 Ra3 24. Rd1 Rb6 25. Qc5 Nf6 26. g5 hxg5 27. hxg5 Nd7
28. Qe3 b3 29. axb3 Raxb3 30. Rh1 Rb2 31. Qh3 Rxc2+ 32. Kf3 Rh6 33. Nxh6+ Kf8
34. Nf5 Ke8 35. Qh8+ Nf8 36. Qxf8+ Kd7 37. Qxf7+ Kc8 38. Qe6+ Kb7 39. Rb1+ Ka8
40. Qc6# 1-0

[Event "4NCL Online Division 5"]
[Site "online"]
[Date "2020.10.06"]
[Round "4.61"]
[White "Lonsdale, Jon I"]
[Black "Dhemrait, Surjit S"]
[Result "1-0"]
[WhiteElo "1922"]
[BlackElo "1518"]
[PlyCount "101"]
[EventDate "2020.10.06"]
[WhiteTeam "Manchester Manticores 2"]
[BlackTeam "Harrow 4"]

1. e4 e5 2. Nf3 Nc6 3. Bb5 d6 4. d4 exd4 5. Nxd4 Be7 6. Nxc6 bxc6 7. Bxc6+ Bd7
8. Bxa8 Qxa8 9. O-O Qxe4 10. Re1 Qg6 11. Qe2 Bc6 12. f3 h5 13. c4 h4 14. Nc3 h3
15. g3 Kd7 16. Bf4 Rh4 17. Kf2 Rh5 18. Rad1 Qf6 19. Nd5 Bxd5 20. cxd5 g5 21.
Bc1 Nh6 22. Qc4 g4 23. f4 Nf5 24. Re2 Kc8 25. a4 Bd8 26. b4 Ne7 27. Be3 Qf5 28.
Red2 Ng6 29. Qa6+ Kd7 30. Qd3 Ne5 31. Qxf5+ Rxf5 32. Bxa7 Nf3 33. Ke3 Nxd2 34.
Rxd2 Rh5 35. Ke4 f5+ 36. Kd4 Bf6+ 37. Kc4 Rh8 38. Re2 Ra8 39. Bd4 Bxd4 40. Kxd4
Rxa4 41. Kc3 Ra1 42. Kc4 Rc1+ 43. Kb5 c5 44. dxc6+ Rxc6 45. Re7+ Kxe7 46. Kxc6
Ke6 47. b5 d5 48. b6 d4 49. b7 d3 50. b8=Q d2 51. Qe8+ 1-0

[Event "4NCL Online Division 5"]
[Site "online"]
[Date "2020.10.06"]
[Round "4.62"]
[White "Dilukshan, Manoharan"]
[Black "Sheppard, Daniel C"]
[Result "0-1"]
[WhiteElo "1480"]
[BlackElo "1832"]
[PlyCount "78"]
[EventDate "2020.10.06"]
[WhiteTeam "Harrow 4"]
[BlackTeam "Manchester Manticores 2"]

1. e4 c5 2. Nf3 Nc6 3. Bb5 g6 4. Bxc6 bxc6 5. Nc3 Bg7 6. Rb1 Ba6 7. Na4 Qa5 8.
b3 Nf6 9. e5 Nd5 10. Bb2 Nf4 11. Nh4 g5 12. Qf3 e6 13. c4 Bxc4 14. bxc4 Qxa4
15. O-O Qxc4 16. g3 Ne2+ 17. Kh1 gxh4 18. d3 Qd5 19. Qxd5 cxd5 20. Ba3 Bf8 21.
Rb2 Nc3 22. Rb3 Na4 23. Rfb1 Nb6 24. Rb5 c4 25. Bxf8 Kxf8 26. dxc4 Nxc4 27.
Rb8+ Ke7 28. Rxh8 Rxh8 29. gxh4 Nxe5 30. Rb7 Nc6 31. a4 Rb8 32. Rxb8 Nxb8 33.
Kg2 Kd6 34. Kf3 e5 35. Kg4 d4 36. Kf5 d3 37. Kf6 d2 38. Kg7 h5 39. Kxf7 d1=Q
0-1

[Event "4NCL Online Division 5"]
[Site "online"]
[Date "2020.10.06"]
[Round "4.63"]
[White "Potter, Steven"]
[Black "Nettleton, Robin"]
[Result "1-0"]
[WhiteElo "1832"]
[BlackElo "1335"]
[PlyCount "77"]
[EventDate "2020.10.06"]
[WhiteTeam "Manchester Manticores 2"]
[BlackTeam "Harrow 4"]

1. d4 d5 2. Bg5 Bf5 3. e3 Qd6 4. c3 Nd7 5. Nf3 Ngf6 6. Nbd2 e6 7. Be2 Be7 8.
Bf4 Qb6 9. Qc1 Bd6 10. Bxd6 Qxd6 11. c4 c6 12. c5 Qc7 13. b4 O-O 14. Nh4 Bg6
15. a4 e5 16. Nxg6 fxg6 17. O-O Rae8 18. e4 exd4 19. exd5 Rxe2 20. d6 Qd8 21.
Qc4+ Nd5 22. Qxe2 Nxb4 23. Qe6+ Kh8 24. Rab1 a5 25. Nb3 d3 26. Nxa5 Qxa5 27.
Qxd7 Qxc5 28. Qxb7 d2 29. Qxb4 Qd5 30. d7 Rd8 31. Rfd1 h6 32. Rxd2 Qg5 33. h4
Qf5 34. Re1 Rxd7 35. Re8+ Kh7 36. Rxd7 Qxd7 37. Qf8 g5 38. Qg8+ Kg6 39. Qe6+
1-0

[Event "4NCL Online Division 5"]
[Site "online"]
[Date "2020.10.06"]
[Round "4.64"]
[White "Walker, David J R"]
[Black "Green, Tom D A"]
[Result "0-1"]
[WhiteElo "1240"]
[BlackElo "1873"]
[PlyCount "40"]
[EventDate "2020.10.06"]
[WhiteTeam "Harrow 4"]
[BlackTeam "Manchester Manticores 2"]

1. d4 Nf6 2. c4 Nc6 3. Nc3 e5 4. d5 Ne7 5. Bg5 Ng6 6. e4 Bc5 7. Be2 h6 8. Bxf6
Qxf6 9. Nf3 O-O 10. O-O d6 11. h3 Nf4 12. Kh2 Qg6 13. Nh4 Qg5 14. g3 Bxh3 15.
Nf3 Qh5 16. Nh4 Qg5 17. gxf4 Qxh4 18. Qe1 Bxf1+ 19. Kg1 Bh3 20. Rd1 Qg3+ 0-1

[Event "4NCL Online Division 5"]
[Site "online"]
[Date "2020.10.06"]
[Round "4.71"]
[White "Holland, Nicolas"]
[Black "Butina, Darko"]
[Result "0-1"]
[WhiteElo "1150"]
[BlackElo "1460"]
[PlyCount "104"]
[EventDate "2020.10.06"]
[WhiteTeam "Watford Juniors B"]
[BlackTeam "Broken Herts"]

1. e4 e5 2. Nf3 d6 3. d3 Nf6 4. Nc3 c6 5. Bg5 Be7 6. h4 Bg4 7. g3 Nbd7 8. Bh3
Bxh3 9. Rxh3 Qc8 10. Qe2 Nc5 11. Rh1 Ne6 12. O-O-O Qd8 13. Qd2 a5 14. Ne2 b5
15. Neg1 d5 16. Nh3 O-O 17. Nxe5 Qc7 18. Nf3 a4 19. Bxf6 Bxf6 20. Rhe1 Rfd8 21.
exd5 Rxd5 22. g4 a3 23. bxa3 Rxa3 24. Qb4 Rxa2 25. g5 Be7 26. Qb3 Qa5 27. Re4
Ba3+ 28. Kb1 Rb2+ 29. Qxb2 Bxb2 30. Kxb2 Qd8 31. Nf4 Nxf4 32. Rxf4 Rd7 33. Ne5
Qc7 34. Re4 Re7 35. d4 Kf8 36. Ra1 f6 37. Ra8+ Re8 38. gxf6 Rxa8 39. fxg7+ Qxg7
40. Rf4+ Ke7 41. Nxc6+ Kd6 42. Nb4 Rf8 43. Re4 Rxf2 44. Nd3 Rg2 45. Nf4 Rg4 46.
Re6+ Kd7 47. Nh5 Qxd4+ 48. c3 Qd2+ 49. Kb3 Kxe6 50. c4 bxc4+ 51. Ka4 c3+ 52.
Kb3 Qb2# 0-1

[Event "4NCL Online Division 5"]
[Site "online"]
[Date "2020.10.06"]
[Round "4.72"]
[White "Gilmour, Ian"]
[Black "Keerthi Kumar, Advait"]
[Result "0-1"]
[WhiteElo "1412"]
[BlackElo "1150"]
[PlyCount "60"]
[EventDate "2020.10.06"]
[WhiteTeam "Broken Herts"]
[BlackTeam "Watford Juniors B"]

1. d4 d5 2. Bf4 c5 3. c3 Nc6 4. e3 Bf5 5. Qb3 b6 6. Bb5 Bd7 7. Qxd5 e6 8. Qf3
Nge7 9. Bd3 g6 10. Ne2 Bg7 11. Bg5 O-O 12. O-O cxd4 13. exd4 f6 14. Bd2 Qc7 15.
Na3 Na5 16. Nb5 Bxb5 17. Bxb5 Nc4 18. Bxc4 Qxc4 19. Nf4 e5 20. dxe5 fxe5 21.
Qb7 Nc6 22. Nh3 Rab8 23. Qc7 Qd5 24. c4 Qxd2 25. Qxc6 Qxb2 26. Qe6+ Kh8 27. Ng5
Rb7 28. Qh3 Bf6 29. Qxh7+ Rxh7 30. Nxh7 Kxh7 0-1

[Event "4NCL Online Division 5"]
[Site "online"]
[Date "2020.10.06"]
[Round "4.73"]
[White "Shah, Prem C"]
[Black "Cooper, John L"]
[Result "0-1"]
[WhiteElo "1037"]
[BlackElo "1225"]
[PlyCount "94"]
[EventDate "2020.10.06"]
[WhiteTeam "Watford Juniors B"]
[BlackTeam "Broken Herts"]

1. d4 d5 2. e4 dxe4 3. Nc3 Nf6 4. f3 Bf5 5. Bf4 exf3 6. Nxf3 Nc6 7. Nb5 Nd5 8.
Bg3 a6 9. Na3 e6 10. Nc4 b5 11. Ncd2 Ndb4 12. Kf2 Nxd4 13. c3 Nxf3 14. Qxf3
Qxd2+ 15. Be2 Bc5+ 16. Kf1 O-O 17. Rd1 Qxb2 18. Bxc7 Nd5 19. Be5 Ne3+ 20. Ke1
Nxd1 21. Qg3 Bf2+ 22. Qxf2 Nxf2 23. Kxf2 Qxa2 24. Bd6 Rfd8 25. Bc7 Rd2 26. Re1
Bd3 27. Bf4 Rxe2+ 28. Rxe2 Qxe2+ 29. Kg3 Qe1+ 30. Kh3 Bf5+ 31. g4 Qf1+ 32. Kg3
Qg1+ 33. Kf3 Bxg4+ 34. Ke4 Qg2+ 35. Kd4 Rd8+ 36. Kc5 Qd5+ 37. Kb4 Qc4+ 38. Ka5
Qxf4 39. Kxa6 Ra8+ 40. Kxb5 Qb8+ 41. Kc4 Qd6 42. h4 Rc8+ 43. Kb3 Bd1+ 44. Kb2
Qd2+ 45. Ka3 Qxc3+ 46. Ka2 Ra8+ 47. Kb1 Qc2# 0-1

[Event "4NCL Online Division 5"]
[Site "online"]
[Date "2020.10.06"]
[Round "4.74"]
[White "Shergill, Ranjit"]
[Black "Manoj Kumar, Arth"]
[Result "1-0"]
[WhiteElo "1037"]
[BlackElo "827"]
[PlyCount "119"]
[EventDate "2020.10.06"]
[WhiteTeam "Broken Herts"]
[BlackTeam "Watford Juniors B"]

1. e4 e5 2. Nf3 Nc6 3. g3 Bc5 4. Bg2 Nge7 5. O-O O-O 6. Nc3 d6 7. Nd5 Nd4 8. c3
Be6 9. Nxe7+ Qxe7 10. cxd4 Bxd4 11. d3 c5 12. Nxd4 cxd4 13. Qf3 Rfd8 14. b3 d5
15. Rd1 dxe4 16. dxe4 Qc5 17. Qd3 Bg4 18. Bf3 Bh3 19. Bg2 Bg4 20. Rd2 Rdc8 21.
Qc4 Qxc4 22. bxc4 Rxc4 23. Bf1 Rac8 24. Bxc4 Rxc4 25. h3 Bxh3 26. Ba3 Rc3 27.
Bd6 d3 28. Bxe5 Rc5 29. Bd4 Rc4 30. Rxd3 Rc1+ 31. Rxc1 b5 32. Rb3 a6 33. Kh2
Be6 34. Be5 f6 35. Bxf6 gxf6 36. Ra3 b4 37. Rxa6 Bg4 38. Rc4 b3 39. Ra8+ Kg7
40. axb3 Be6 41. Rb4 f5 42. exf5 Bxf5 43. Rf4 Bc2 44. b4 Bb3 45. Ra7+ Kg6 46.
b5 Be6 47. Ra6 Kg5 48. Rxe6 h5 49. b6 h4 50. Ree4 hxg3+ 51. fxg3 Kh5 52. Rh4+
Kg5 53. b7 Kf6 54. b8=Q Kg5 55. Qf4+ Kg6 56. Rh6+ Kg7 57. Qg5+ Kf7 58. Re7+ Kf8
59. Qf6+ Kg8 60. Qg7# 1-0

[Event "4NCL Online Division 5"]
[Site "online"]
[Date "2020.10.06"]
[Round "4.81"]
[White "Gauri, Dhairye"]
[Black "Barry, Brendan"]
[Result "1-0"]
[WhiteElo "1412"]
[BlackElo "1315"]
[PlyCount "53"]
[EventDate "2020.10.06"]
[WhiteTeam "Uxbridge Bombers B"]
[BlackTeam "Hatch End B"]

1. e4 e5 2. Nf3 Nc6 3. Bc4 h6 4. Nc3 Nf6 5. O-O Bc5 6. d3 O-O 7. Be3 d6 8. h3
a5 9. a3 Be6 10. Ba2 d5 11. Bxc5 Re8 12. exd5 Bxd5 13. Nxd5 Nxd5 14. Re1 b6 15.
Be3 e4 16. dxe4 Rxe4 17. Bxd5 Qe8 18. Bxe4 Qxe4 19. Bxh6 Qg6 20. Bf4 Rc8 21.
Qd7 Rd8 22. Re8+ Rxe8 23. Qxe8+ Kh7 24. Ng5+ Kh6 25. Qh8+ Qh7 26. Nxf7+ Kh5 27.
Qxh7# 1-0

[Event "4NCL Online Division 5"]
[Site "online"]
[Date "2020.10.06"]
[Round "4.82"]
[White "Gill, Veer"]
[Black "Hasan, Abu"]
[Result "1-0"]
[WhiteElo "1225"]
[BlackElo "1412"]
[PlyCount "141"]
[EventDate "2020.10.06"]
[WhiteTeam "Hatch End B"]
[BlackTeam "Uxbridge Bombers B"]

1. e4 e5 2. Nf3 Nf6 3. Nc3 Bc5 4. Nxe5 Nc6 5. Nf3 O-O 6. d4 Bb6 7. Bc4 d5 8.
exd5 Na5 9. Bd3 Bg4 10. b4 Bxd4 11. Bb2 Re8+ 12. Be2 Nc4 13. Qxd4 Nxb2 14. Rb1
Na4 15. Nxa4 Qxd5 16. Qxd5 Nxd5 17. Rb3 b5 18. Nc3 Nf4 19. h3 Be6 20. Rb1 Nxg2+
21. Kf1 Nf4 22. Bxb5 Red8 23. Bc6 Rab8 24. Kg1 Nxh3+ 25. Kg2 Nf4+ 26. Kg3 Nd5
27. Nxd5 Bxd5 28. Bxd5 Rxd5 29. c4 Rd3 30. Kf4 Ra3 31. Rb2 a5 32. Rhb1 a4 33.
b5 f6 34. b6 c5 35. b7 g5+ 36. Kg4 h5+ 37. Kg3 g4 38. Kh4 Rxf3 39. Kxh5 Kg7 40.
Kxg4 Rc3 41. Rb6 Rxc4+ 42. Kf5 Rc2 43. Rc6 Rxf2+ 44. Ke6 Re2+ 45. Kd7 a3 46.
Rc8 Rd2+ 47. Kc6 Rxb7 48. Rxb7+ Kg6 49. Rg8+ Kf5 50. Kxc5 Rxa2 51. Ra7 Rc2+ 52.
Kb4 a2 53. Kb3 Rf2 54. Rxa2 Rxa2 55. Kxa2 Ke5 56. Kb2 f5 57. Kc2 f4 58. Kd2 Ke4
59. Ke2 Kf5 60. Kf3 Ke5 61. Rf8 Kd6 62. Rxf4 Kc6 63. Rf5 Kc7 64. Rf6 Kb7 65.
Ke4 Ka8 66. Rf7 Kb8 67. Kd5 Ka8 68. Kc6 Kb8 69. Re7 Ka8 70. Kb6 Kb8 71. Re8#
1-0

[Event "4NCL Online Division 5"]
[Site "online"]
[Date "2020.10.06"]
[Round "4.83"]
[White "Martellotta, Gabriele"]
[Black "Shah, Ashok"]
[Result "1-0"]
[WhiteElo "1367"]
[BlackElo "1210"]
[PlyCount "133"]
[EventDate "2020.10.06"]
[WhiteTeam "Uxbridge Bombers B"]
[BlackTeam "Hatch End B"]

1. d4 d5 2. c4 Nf6 3. cxd5 Qxd5 4. Nc3 Qd8 5. Nf3 Nc6 6. e3 Bg4 7. Bb5 e5 8.
Qa4 Bxf3 9. gxf3 Qd6 10. dxe5 Qxe5 11. Bxc6+ Kd8 12. Bxb7 Rb8 13. Qxa7 Nd7 14.
f4 Qe6 15. O-O Bc5 16. Qa6 Qg4+ 17. Bg2 h5 18. h3 Qf5 19. e4 Qg6 20. Qxg6 fxg6
21. Rd1 Rf8 22. e5 Kc8 23. b3 g5 24. Ne2 Nxe5 25. fxe5 Rxf2 26. Nd4 Re2 27. Kf1
Rxe5 28. Nc6 Rf5+ 29. Ke2 Rf2+ 30. Kd3 Rb6 31. Be4 Rh2 32. Bf5+ Kb7 33. Nd8+
Ka7 34. Kc4 Be7 35. Rd7 Rb4+ 36. Kd3 Kb6 37. Rxe7 Rb5 38. Be3+ c5 39. Rb7+ Ka5
40. Rxb5+ Kxb5 41. Bxg5 Rg2 42. h4 Rg3+ 43. Ke4 Kb4 44. Nc6+ Kb5 45. Bd7 Kb6
46. Rc1 Rg2 47. a4 Re2+ 48. Kf5 Rf2+ 49. Kg6 Kc7 50. Be8 Kd6 51. Be7+ Ke6 52.
Bxc5 Rg2+ 53. Kxh5 Kf6 54. Rf1+ Ke6 55. Nd4+ Kd5 56. b4 g6+ 57. Bxg6 Ke5 58.
Rf5+ Ke4 59. Rg5+ Kf4 60. Rxg2 Ke3 61. Nb5+ Kf3 62. Rg4 Ke2 63. Rf4 Kd2 64. Re4
Kc1 65. Re2 Kd1 66. Nc3+ Kc1 67. Be3# 1-0

[Event "4NCL Online Division 5"]
[Site "online"]
[Date "2020.10.06"]
[Round "4.84"]
[White "Scales, Barry"]
[Black "Cepoi, Gesneria-Codruta"]
[Result "1-0"]
[WhiteElo "1142"]
[BlackElo "1375"]
[PlyCount "71"]
[EventDate "2020.10.06"]
[WhiteTeam "Hatch End B"]
[BlackTeam "Uxbridge Bombers B"]

1. e4 e5 2. Nc3 Nc6 3. Bc4 Nf6 4. a3 a6 5. d3 b5 6. Ba2 Ne7 7. Qf3 c6 8. Nh3 h6
9. Be3 d5 10. Ne2 d4 11. Bd2 Bg4 12. Qg3 Ng6 13. f3 Bxh3 14. gxh3 Bd6 15. O-O-O
Nh5 16. Qf2 O-O 17. Ng3 Qh4 18. Kb1 Ngf4 19. Qf1 Nxh3 20. Nf5 Qf2 21. Qxh3 Nf4
22. Nxh6+ gxh6 23. Qg4+ Kh7 24. Qf5+ Kh8 25. Qf6+ Kh7 26. Bxf4 exf4 27. Rhg1
Rg8 28. Qxf7+ Kh8 29. Qf6+ Kh7 30. Bxg8+ Rxg8 31. Rxg8 Kxg8 32. Qd8+ Bf8 33. e5
Qe2 34. Rg1+ Kh7 35. Qxf8 Qxe5 36. Qg8# 1-0

[Event "4NCL Online Division 5"]
[Site "online"]
[Date "2020.10.06"]
[Round "4.91"]
[White "Freund, Michael P"]
[Black "Milnes, Anthony C P"]
[Result "1-0"]
[WhiteElo "1770"]
[BlackElo "1960"]
[PlyCount "71"]
[EventDate "2020.10.06"]
[WhiteTeam "Sheffield Deaf"]
[BlackTeam "Maidenhead 1"]

1. d4 e6 2. Bf4 f5 3. e3 Nf6 4. Nf3 b6 5. Bd3 Bb7 6. Nbd2 Be7 7. h3 O-O 8. c3
Ne4 9. Qc2 Nxd2 10. Nxd2 Bxg2 11. Rg1 Bxh3 12. O-O-O Bg4 13. Rxg4 fxg4 14.
Bxh7+ Kh8 15. Rh1 Bh4 16. Bg3 Bxg3 17. fxg3 Nc6 18. Bg6+ Kg8 19. Ne4 Rf6 20.
Nxf6+ Qxf6 21. Qh2 Qxg6 22. Qh8+ Kf7 23. Rf1+ Ke7 24. Qxa8 Kd6 25. Qf8+ Kd5 26.
Qf7 Qe4 27. Qxd7+ Kc4 28. Re1 Na5 29. Qxc7+ Kd3 30. Qf4 Qf3 31. Rd1+ Ke2 32.
Rd2+ Ke1 33. b3 Nb7 34. Qe5 Nd8 35. Qh5 Nf7 36. Qh2 1-0

[Event "4NCL Online Division 5"]
[Site "online"]
[Date "2020.10.06"]
[Round "4.92"]
[White "Smith, Nigel D"]
[Black "Gibson, Stephen"]
[Result "1-0"]
[WhiteElo "1960"]
[BlackElo "1502"]
[PlyCount "43"]
[EventDate "2020.10.06"]
[WhiteTeam "Maidenhead 1"]
[BlackTeam "Sheffield Deaf"]

1. d4 e6 2. g3 d5 3. Bg2 c5 4. Nf3 Nc6 5. O-O cxd4 6. Nxd4 Nxd4 7. Qxd4 Nf6 8.
c4 Be7 9. Nc3 dxc4 10. Qxc4 O-O 11. Rd1 Qb6 12. Be3 Qa5 13. Rac1 a6 14. Ne4 Nd5
15. Bc5 Bxc5 16. Nxc5 b6 17. Bxd5 exd5 18. Qxd5 bxc5 19. Qxa8 Bh3 20. Qf3 Qxa2
21. g4 Qxb2 22. Qxh3 1-0

[Event "4NCL Online Division 5"]
[Site "online"]
[Date "2020.10.06"]
[Round "4.93"]
[White "Cooper, Howard"]
[Black "Kapoor, Gurveen"]
[Result "0-1"]
[WhiteElo "1375"]
[BlackElo "1877"]
[PlyCount "78"]
[EventDate "2020.10.06"]
[WhiteTeam "Sheffield Deaf"]
[BlackTeam "Maidenhead 1"]

1. d4 Nf6 2. e3 b6 3. Bd3 Bb7 4. f3 e6 5. a3 c5 6. Ne2 Nc6 7. O-O Be7 8. c3 O-O
9. Nd2 Rc8 10. Ne4 d5 11. N4g3 Re8 12. Qc2 c4 13. Bxh7+ Nxh7 14. Nh5 e5 15. f4
e4 16. Neg3 Nf6 17. Qe2 Qd7 18. f5 a5 19. Nxf6+ Bxf6 20. Nh5 Qd6 21. Bd2 Ne7
22. Nxf6+ Qxf6 23. Qg4 Rc6 24. Rf4 Bc8 25. Raf1 Rd8 26. Qh4 Nxf5 27. Qxf6 Rxf6
28. Bc1 Rdd6 29. g3 Ne7 30. Rxf6 Rxf6 31. Rxf6 gxf6 32. Bd2 Kg7 33. Kg2 Kg6 34.
h3 Nc6 35. g4 Nb8 36. Be1 b5 37. Bg3 Nd7 38. Bc7 a4 39. b4 cxb3 0-1

[Event "4NCL Online Division 5"]
[Site "online"]
[Date "2020.10.06"]
[Round "4.94"]
[White "Janota, Paul S"]
[Black "Litherland, Reuben"]
[Result "1-0"]
[WhiteElo "1855"]
[BlackElo "1375"]
[PlyCount "77"]
[EventDate "2020.10.06"]
[WhiteTeam "Maidenhead 1"]
[BlackTeam "Sheffield Deaf"]

1. e4 g6 2. d4 e6 3. f4 d5 4. Nc3 dxe4 5. Nxe4 Nf6 6. Bd3 Nc6 7. c3 Nxe4 8.
Bxe4 e5 9. dxe5 Qxd1+ 10. Kxd1 Bg4+ 11. Nf3 Bxf3+ 12. Bxf3 O-O-O+ 13. Kc2 Ne7
14. Be3 Kb8 15. Rad1 Rxd1 16. Rxd1 Nc8 17. Bd5 b6 18. Bxf7 Bc5 19. Bxc5 bxc5
20. e6 Nd6 21. Rxd6 cxd6 22. e7 Kc7 23. e8=Q Rxe8 24. Bxe8 Kd8 25. Bf7 Ke7 26.
Bc4 a5 27. Kd3 Kf6 28. g4 g5 29. Ke4 gxf4 30. Kxf4 h6 31. h4 Kg6 32. Ke4 Kf6
33. Kd5 Ke7 34. g5 hxg5 35. hxg5 Kd7 36. g6 Ke7 37. g7 Kf7 38. Kxd6+ Kxg7 39.
Kxc5 1-0

[Event "4NCL Online Division 5"]
[Site "online"]
[Date "2020.10.06"]
[Round "4.101"]
[White "McLean, Ian"]
[Black "Adatia, Amar"]
[Result "1-0"]
[WhiteElo "2012"]
[BlackElo "1375"]
[PlyCount "73"]
[EventDate "2020.10.06"]
[WhiteTeam "Spirit of Atticus B"]
[BlackTeam "Streatham C"]

1. f4 e5 2. fxe5 d6 3. Nf3 Nc6 4. e4 Nxe5 5. d4 Nxf3+ 6. Qxf3 Nf6 7. h3 Be7 8.
Bc4 O-O 9. O-O Be6 10. d5 Bd7 11. Nc3 c6 12. Be3 Re8 13. g4 h6 14. Rae1 Bf8 15.
Bd4 Be7 16. a4 c5 17. Be3 g5 18. e5 dxe5 19. d6 Bxd6 20. Qxf6 Qxf6 21. Rxf6 Be6
22. Bxe6 Rxe6 23. Rxe6 fxe6 24. Ne4 Be7 25. Bxc5 Bxc5+ 26. Nxc5 Rc8 27. Nxb7
Rxc2 28. b4 Rc4 29. Rb1 e4 30. Kf2 Rc3 31. b5 Rxh3 32. a5 Ra3 33. b6 axb6 34.
axb6 Ra8 35. Nc5 Kf7 36. b7 Rb8 37. Nd7 1-0

[Event "4NCL Online Division 5"]
[Site "online"]
[Date "2020.10.06"]
[Round "4.102"]
[White "Yordanov, Denislav"]
[Black "Bimpson, Tom"]
[Result "0-1"]
[WhiteElo "1352"]
[BlackElo "1943"]
[PlyCount "46"]
[EventDate "2020.10.06"]
[WhiteTeam "Streatham C"]
[BlackTeam "Spirit of Atticus B"]

1. e4 d6 2. d4 c6 3. Nf3 Nd7 4. Nc3 h6 5. Be3 g5 6. h3 Bg7 7. Bd3 Nf8 8. Qe2
Qb6 9. O-O-O Nf6 10. Na4 Qa5 11. Nc3 g4 12. Nh4 Bd7 13. Nf5 Bxf5 14. exf5 gxh3
15. Rxh3 h5 16. Rg3 Bh6 17. Bxh6 Rxh6 18. Re1 O-O-O 19. Qxe7 N8d7 20. Qxd6 Ng4
21. Qf4 Ndf6 22. f3 Nd5 23. Nxd5 Qxe1# 0-1

[Event "4NCL Online Division 5"]
[Site "online"]
[Date "2020.10.06"]
[Round "4.103"]
[White "Buckley, Colm"]
[Black "Buckman, Cyrus"]
[Result "1-0"]
[WhiteElo "2012"]
[BlackElo "1188"]
[PlyCount "107"]
[EventDate "2020.10.06"]
[WhiteTeam "Spirit of Atticus B"]
[BlackTeam "Streatham C"]

1. d4 Nf6 2. c4 g6 3. Nc3 Bg7 4. e4 d6 5. Be2 O-O 6. Nf3 e5 7. dxe5 dxe5 8. O-O
Nc6 9. Be3 Ng4 10. Bc5 Re8 11. h3 Nf6 12. Qxd8 Rxd8 13. Rfd1 a6 14. Rxd8+ Nxd8
15. Rd1 Nc6 16. a3 b6 17. Be3 Rb8 18. b4 Bd7 19. c5 b5 20. Bg5 Be6 21. Bxf6
Bxf6 22. Nd5 Bxd5 23. exd5 Nd4 24. Nxd4 exd4 25. Bf3 Re8 26. Kf1 Bg7 27. Re1
Rxe1+ 28. Kxe1 Kf8 29. Kd2 Ke7 30. Kd3 f5 31. Bd1 Kd7 32. a4 Ke7 33. axb5 axb5
34. Be2 Kd7 35. Bf3 Bh8 36. Kd2 Bg7 37. Be2 c6 38. d6 Bf6 39. g4 Ke6 40. Kd3 h6
41. gxf5+ gxf5 42. Bh5 Kd7 43. f4 Bh4 44. Kxd4 Bf6+ 45. Kd3 Bh4 46. Bg6 Bg3 47.
Bxf5+ Kd8 48. Be4 Kd7 49. f5 Be5 50. Bf3 Bf6 51. Ke4 Bc3 52. Bg4 Bxb4 53. f6+
Ke8 54. Bh5+ 1-0